000 00597nam a2200193 4500
003 OSt
005 20240731025251.0
006 a
008 240731b |||||||| |||| 00| 0 eng d
020 _a9710489855
040 _aDWCL-Main lib.
_cOC
082 _aFil. 346.07 S714n 2011
100 _aSoriano, Fidelito R.
245 _aNotes in business law for accountancy students and CPA reviewees /
260 _aManila :
_bGIC Enterprises & Co., Inc.,
_cc2011.
300 _b755 p. ;
_c22 cm.
650 _a1. Commercial law-Philippines-Problems, exercises, etc.
942 _2ddc
_n0
_cBK - FIL
_kFil.
999 _c3008
_d3008